Disability studies: (Record no. 1435381)

MARC details
000 -LEADER
fixed length control field 00744 a2200241 4500
005 - DATE AND TIME OF LATEST TRANSACTION
control field 20251120104527.0
008 - FIXED-LENGTH DATA ELEMENTS--GENERAL INFORMATION
fixed length control field 251016b |||||||| |||| 00| 0 eng d
020 ## - INTERNATIONAL STANDARD BOOK NUMBER
International Standard Book Number 9781529682281 (pbk)
037 ## - SOURCE OF ACQUISITION
Terms of availability TB
040 ## - CATALOGING SOURCE
Original cataloging agency CRL
Transcribing agency CRL
041 ## - LANGUAGE CODE
Source of code eng
Language code of text/sound track or separate title eng
084 ## - COLON CLASSIFICATION NUMBER
Classification number Y6 R5
Assigning agency CRL
100 ## - MAIN ENTRY--PERSONAL NAME
Personal name Goodley, Dan
9 (RLIN) 821269
245 ## - TITLE STATEMENT
Title Disability studies:
Remainder of title an interdisciplinary introduction
250 ## - EDITION STATEMENT
Edition statement 3rd Ed.
260 ## - PUBLICATION, DISTRIBUTION, ETC.
Place of publication, distribution, etc. London, UK:
Name of publisher, distributor, etc. Sage,
Date of publication, distribution, etc. 2025.
300 ## - PHYSICAL DESCRIPTION
Extent xv, 251p.
365 ## - TRADE PRICE
Price amount 35.99
Currency code UKP
650 ## - SUBJECT ADDED ENTRY--TOPICAL TERM
Topical term or geographic name entry element Sociology
9 (RLIN) 848639
650 ## - SUBJECT ADDED ENTRY--TOPICAL TERM
Topical term or geographic name entry element Disabilities
9 (RLIN) 848640
942 ## - ADDED ENTRY ELEMENTS (KOHA)
Koha item type Textbook
Source of classification or shelving scheme Colon Classification (CC)
Suppress in OPAC No
Edition 3rd Ed.
Classification part Y6 R5
Holdings
Withdrawn status Lost status Source of classification or shelving scheme Damaged status Not for loan Home library Current library Date acquired Source of acquisition Cost, normal purchase price Inventory number Total Checkouts Full call number Barcode Date last seen Cost, replacement price Price effective from Koha item type
    Colon Classification (CC)     Central Library Central Library 2025-10-16 64/ Shivam Book Service 3436.90 SBS/40 & 2025-10-07   Y6 R5 CL1924085 2025-10-16 4296.13 2025-10-16 Textbook
Copyright @ Delhi University Library System